000 01361cam a22003494a 4500
001 13180107
003 OSt
005 20230620110422.0
008 030429s2003 enka b 001 0 eng
010 _a 2003009976
020 _a0714655619 (cloth)
020 _a0714684430 (paper)
040 _aDLC
_cDLC
_dDLC
042 _apcc
043 _ae------
_an-us---
050 0 0 _aJN12
_b.P632 2003
082 0 0 _a320.44/04
_221
_bTHA
245 0 4 _aThe politics of delegation /
_ceditors, Mark Thatcher, Alec Stone Sweet.
260 _aLondon ;
_aPortland, OR :
_bFrank Cass,
_c2003.
300 _a237 p. :
_bill. ;
_c23 cm.
504 _aIncludes bibliographical references and index.
650 0 _aDelegation of powers
_zEurope.
650 0 _aRepresentative government and representation
_zEurope.
650 0 _aLegitimacy of governments
_zEurope.
650 0 _aDelegation of powers
_zUnited States.
700 1 _aThatcher, Mark.
700 1 _aStone Sweet, Alec.
856 4 1 _3Table of contents
_uhttp://www.loc.gov/catdir/toc/ecip043/2003009976.html
906 _a7
_bcbc
_corignew
_d1
_eecip
_f20
_gy-gencatlg
942 _2ddc
_cBK
999 _c1615
_d1615